Formuła 2 - sezon 2024 - Statystyki

Ogólne statystyki
  • Ten quiz został rozwiązany 93 razy
  • Średni wynik to 13 z 22
Statystyki odpowiedzi
Zespół Kraj Kierowca % Poprawnych
Włochy Andrea Kimi Antonelli
91%
Prema W.Brytania Oliver Bearman
91%
Brazylia Gabriel Bortoleto
80%
Czechy Roman Stanek
75%
Argentyna Franco Colapinto
70%
Campos Francja Isack Hadjar
70%
Estonia Paul Aron
65%
Invicta Indie Kush Maini
63%
Hiszpania Pepe Marti
63%
Rodin Barbados Zane Maloney
61%
Trident Holandia Richard Verschoor
59%
ART Francja Victor Martins
59%
PHM Paragwaj Joshua Durksen
51%
MP Norwegia Dennis Hauger
49%
Van Amersfoort Brazylia Enzo Fittipaldi
49%
DAMS USA Jak Crawford
48%
Japonia Ritomo Miyata
47%
USA Juan Manuel Correa
46%
Meksyk Rafael Villagomez
43%
Hitech Belgia Amaury Cordeel
41%
W.Brytania Zak O'Sullivan
37%
W.Brytania Taylor Barnard
30%
Nie znaleziono quizów pasujących do podanych kryteriów
Rozkład punktacji
Procent ludzi z każdym wynikiem
Percentyl według liczby udzielonych odpowiedzi
Twoja historia wyników
Nie rozwiązałeś tego quizu